000 01271nam a2200337 a 4500
001 vtls000985426
003 NLI
005 20210627101801.0
008 120214s1974 dcua s f000 0 eng
039 9 _y201202141736
_zDatasoft
040 _aNLI
_beng
_cDatasoft_FOD
_eAACR2
041 0 _aeng
044 _adcu
082 0 4 _a338.476240973021
110 1 _aUnited States.
_bDepartment of Commerce
_9695430
245 1 0 _aFranchising in the economy 1972-74 /
_cUnited States Department of Commerce
260 _aWashington, D.C. :
_bU. S. Dept. of Commerce, Industry and Trade Administration,
_c1974
300 _avi, 81 p. :
_bill. ;
_c27 cm.
500 _aBureau of domestic commerce
500 _aDomestic and international business administration
650 0 _aFranchises (Retail trade)
_zUnited States
_vStatistics
_9925261
650 0 _aFranchises (Retail trade)
_zUnited States
_9927484
650 0 _aFRANCHISES
_9927485
650 0 _aUnited States
_9697232
710 1 _aUnited States.
_bInternational Trade Administration.
_bOffice of Service Industries
_9927486
710 1 _aUnited States.
_bInternational Trade Administration
887 _a
901 _aAD 94249
_b30.08.2010
902 _aU.S 338.476240973021 Un 3
999 _aVIRTUA40
_c808043
_d808043
942 _2ddc
_cBKS